| 000 | 00359nam a2200145Ia 4500 | ||
|---|---|---|---|
| 003 | OSt | ||
| 008 | 191201s2012 xx 000 0 und d | ||
| 082 |
_a624.151 _bSIS |
||
| 100 | _aSINGH, Alam | ||
| 245 | 0 | _aSoil Engineering in Theory and Practice vol-1 | |
| 260 |
_aN. Delhi _bCBS Publishers _c2012 |
||
| 300 | _a973 | ||
| 650 | _aB.Tech(CE) | ||
| 942 |
_2ddc _cBK |
||
| 999 |
_c5904 _d5904 |
||